<?xml version="1.0" encoding="UTF-8"?>
<record
    xmlns:xsi="http://www.w3.org/2001/XMLSchema-instance"
    xsi:schemaLocation="http://www.loc.gov/MARC21/slim http://www.loc.gov/standards/marcxml/schema/MARC21slim.xsd"
    xmlns="http://www.loc.gov/MARC21/slim">

  <leader>01396nam a2200301 a 4500</leader>
  <controlfield tag="001">000000479</controlfield>
  <controlfield tag="003">DO-SdBNP</controlfield>
  <controlfield tag="005">20150716112958.0</controlfield>
  <controlfield tag="007">000000479</controlfield>
  <controlfield tag="008">081204s2008    dr a          000 0 spa d</controlfield>
  <datafield tag="020" ind1=" " ind2=" ">
    <subfield code="a">9789945443264</subfield>
  </datafield>
  <datafield tag="040" ind1=" " ind2=" ">
    <subfield code="a">BPMET</subfield>
    <subfield code="b">spa</subfield>
    <subfield code="c">BPMET</subfield>
  </datafield>
  <datafield tag="049" ind1=" " ind2=" ">
    <subfield code="a">BNPD</subfield>
    <subfield code="c">1[001089], 2 [001090]</subfield>
  </datafield>
  <datafield tag="092" ind1=" " ind2=" ">
    <subfield code="a">332.41</subfield>
    <subfield code="b">A452q</subfield>
  </datafield>
  <datafield tag="100" ind1="1" ind2=" ">
    <subfield code="a">Almonte Dilon&#xE9;, Henry</subfield>
  </datafield>
  <datafield tag="245" ind1="1" ind2="1">
    <subfield code="a">&#xBF;Qu&#xE9; es la inflaci&#xF3;n? /</subfield>
    <subfield code="c">Henry Almonte Dilon&#xE9;</subfield>
  </datafield>
  <datafield tag="260" ind1=" " ind2=" ">
    <subfield code="a">Santo Domingo :</subfield>
    <subfield code="b">Banco Central de la Rep&#xFA;blica Dominicana,</subfield>
    <subfield code="c">2008.</subfield>
  </datafield>
  <datafield tag="300" ind1=" " ind2=" ">
    <subfield code="a">72 p. :</subfield>
    <subfield code="b">il. ;</subfield>
    <subfield code="c">21 cm.</subfield>
  </datafield>
  <datafield tag="490" ind1=" " ind2=" ">
    <subfield code="a">Banco Central de la Rep&#xFA;blica Dominicana, educativa BCRD, no.3</subfield>
    <subfield code="v">106</subfield>
  </datafield>
  <datafield tag="505" ind1="0" ind2=" ">
    <subfield code="a">Introducci&#xF3;n, -- </subfield>
    <subfield code="t">Breve historia de la inflaci&#xF3;n en el mundo -- </subfield>
    <subfield code="t">Breve historia en nuestro pa&#xED;s -- </subfield>
    <subfield code="t">&#xBF;Qu&#xE9; es la inflaci&#xF3;n? -- </subfield>
    <subfield code="t">Sus causas -- </subfield>
    <subfield code="t">&#xBF;C&#xF3;mo se clasifica? -- </subfield>
    <subfield code="t">&#xBF;Como se mide? -- </subfield>
    <subfield code="t">&#xBF;C&#xF3;mo podemos combatirla? -- </subfield>
    <subfield code="t">Gu&#xED;a de lectura -- .</subfield>
    <subfield code="t">Actividades -- </subfield>
    <subfield code="t">Trabajando el concepto --</subfield>
    <subfield code="t"> No es lo mismo -- </subfield>
    <subfield code="t">A trabajar -- </subfield>
    <subfield code="t">Otras actividades --</subfield>
    <subfield code="t">Glosario de t&#xE9;rminos --</subfield>
    <subfield code="t"> Colecci&#xF3;n del Banco Central --</subfield>
  </datafield>
  <datafield tag="650" ind1=" " ind2="4">
    <subfield code="a">INFLACI&#xD3;N</subfield>
  </datafield>
  <datafield tag="650" ind1=" " ind2="4">
    <subfield code="a">ECONOM&#xCD;A</subfield>
  </datafield>
  <datafield tag="830" ind1=" " ind2=" ">
    <subfield code="p">Banco Central de la Rep&#xFA;blica Dominicana, educativa BCRD, </subfield>
    <subfield code="v">106, no. 3</subfield>
  </datafield>
  <datafield tag="930" ind1=" " ind2="1">
    <subfield code="l">BND01</subfield>
    <subfield code="m">LF1</subfield>
    <subfield code="8">20090727</subfield>
    <subfield code="f">01</subfield>
    <subfield code="p">HD</subfield>
  </datafield>
  <datafield tag="942" ind1=" " ind2=" ">
    <subfield code="2">ddc</subfield>
    <subfield code="c">BK</subfield>
  </datafield>
  <datafield tag="952" ind1=" " ind2=" ">
    <subfield code="0">0</subfield>
    <subfield code="1">0</subfield>
    <subfield code="2">ddc</subfield>
    <subfield code="4">0</subfield>
    <subfield code="7">0</subfield>
    <subfield code="8">DOM</subfield>
    <subfield code="a">BPMET</subfield>
    <subfield code="b">BPMET</subfield>
    <subfield code="d">2015-04-24</subfield>
    <subfield code="l">0</subfield>
    <subfield code="p">BPMET15040018</subfield>
    <subfield code="r">2015-04-24</subfield>
    <subfield code="w">2015-04-24</subfield>
    <subfield code="y">BK</subfield>
  </datafield>
  <datafield tag="956" ind1=" " ind2=" ">
    <subfield code="a">VMATEO</subfield>
    <subfield code="b">10</subfield>
    <subfield code="c">20100424</subfield>
    <subfield code="l">BND01</subfield>
    <subfield code="h">00151</subfield>
  </datafield>
  <datafield tag="956" ind1=" " ind2=" ">
    <subfield code="a">VMATEO</subfield>
    <subfield code="b">10</subfield>
    <subfield code="c">20150716</subfield>
    <subfield code="l">BPMSU</subfield>
    <subfield code="h">00151</subfield>
  </datafield>
  <datafield tag="999" ind1=" " ind2=" ">
    <subfield code="c">7691</subfield>
    <subfield code="d">7691</subfield>
  </datafield>
</record>
